000 03426nam0a2200529 4500
001 RU\NLR\BIBL_A\011962538
005 20260407095425.0
020 _aRU
_9Ленинград в Великой Отечественной войне. Коллекция. Афиши
035 _a(NLR Aleph) 011962538
090 _a11211905
_c11211905
100 _a20190318d1944 u y0rusy50 ca
101 0 _arus
102 _aRU
105 _ay z 000zy
135 _acrcn 024anaba
200 1 _aРепертуар Ленинградских театров, 1944, ноябрь, 1-10
_eОрдена Ленина Театр оперы и балета им. С. М. Кирова, Ордена Ленина Малый оперный театр, Ордена Трудового Красного Знамени Театр драмы им. А. С. Пушкина, Большой драматический театр им. М. Горького, Театр музыкальной комедии
_e[афиша]
_fДирекция театральных касс
210 _a[Ленинград]
_cЛТ УН-10
_d1944
215 _a1 л.
_d44х32
300 _aНачало спектаклей: утренних - в 12 ч., вечерних - в 19 час. 30 мин.
300 _aЗак. 4652
325 _aКопия доступна в Электрон. б-ке РНБ
606 1 _aТеатральная жизнь
_jАфиши
_yЛенинград, город
_z1941 - 1944
_92398624
_3RU\NLR\AUTH\6601649837
686 _aЩ333(2Р=Рус)7-692Ленинград
710 0 2 _aДирекция театральных касс
_9654101
_3RU\NLR\AUTH\880497123
711 0 2 _aЛенинградский театр оперы и балета им. С. М. Кирова
_9333869
_3RU\NLR\AUTH\889918878
711 0 2 _aЛенинградский малый театр оперы и балета
_9342736
_3RU\NLR\AUTH\889923401
711 0 2 _aЛенинградский театр драмы им. А. С. Пушкина
_9332636
_3RU\NLR\AUTH\889918259
711 0 2 _aЛенинградский Большой драматический театр им. М. Горького
_9337086
_3RU\NLR\AUTH\889920439
711 0 2 _aЛенинградский театр музыкальной комедии
_9342183
_3RU\NLR\AUTH\889923122
852 _aNLR
_jЛ3-330а/40/2/1944-ноябрь(1)
856 0 _uhttp://vivaldi.nlr.ru/la700000081/view
856 1 _uhttp://vivaldi.nlr.ru/la700000081/cover
856 2 _uhttp://vivaldi.nlr.ru/la700000081/text
942 _cVISUAL
945 _aРоссийская национальная библиотека
980 _aNB
980 _aBV
980 3 _akplen
980 3 _akp
981 3 7 _a(37) Ленинград в Великой Отечественной войне
_b(37) Афиши блокадного Ленинграда